000 00530nam a2200193Ia 4500
005 20250508162143.0
008 008 250505s9999 xx 000 0 eng d
037 _aTextual
040 _aFEDL
_beng
_cFEDL
041 _aeng
_2eng
084 _a155.143, PIA
_qFEDL
100 _aPiaget Jean
245 0 _aChild's conception of time
260 _aLondon, UK
_bRoutledge and Kegan Paul
_c1969
300 _axi,285p.
650 _aChild Psychology
942 _cTEXL
_h155.143, PIA
999 _c1374694
_d1374694